000
00204 a2200097 4500
001
11933
100
_a
Mphahlele, E.
245
_a
The African image
260
_a
_b
Faber & Feber
_c
090
_c
9187
_d
9187
942
_a
NUST-CAE
_c
M
_c
36030
999
_c
247006
_d
247006